000 00425nam a2200157Ia 4500
003 GCL
008 140319s9999 xx 000 0 eng d
040 _aGCL /
_cGCL
082 0 4 _a005.43
_bG W
100 1 _aGRUPE,FRITZ H
245 1 0 _aBEGINNING PARODOX FORWINDOWS /
_cGRUPE,FRITZ H
260 _a[S.N] :
_bWM. C. BROWIN COMMUNICATIONS, INC ،
_c1994
300 _a106 P P
650 0 4 _aCOMPUTER PROGRM
942 _2ddc
_cBK
999 _c16834
_d16834